Student solutions manual (Record no. 13230)
[ view plain ]
| 000 -LEADER | |
|---|---|
| fixed length control field | 00623nam a22002177a 4500 |
| 001 - CONTROL NUMBER | |
| control field | 13230 |
| 005 - DATE AND TIME OF LATEST TRANSACTION | |
| control field | 20250723130329.0 |
| 008 - FIXED-LENGTH DATA ELEMENTS--GENERAL INFORMATION | |
| fixed length control field | 250722b xxu||||| |||| 00| 0 eng d |
| 020 ## - INTERNATIONAL STANDARD BOOK NUMBER | |
| International Standard Book Number | 0131491601 |
| 020 ## - INTERNATIONAL STANDARD BOOK NUMBER | |
| International Standard Book Number | 9780131491601 |
| 040 ## - CATALOGING SOURCE | |
| Original cataloging agency | BSULIB |
| Transcribing agency | BSU |
| Modifying agency | BSU |
| 082 ## - DEWEY DECIMAL CLASSIFICATION NUMBER | |
| Edition number | 21 |
| Classification number | 512.9 |
| Item number | FOA |
| 100 ## - MAIN ENTRY--PERSONAL NAME | |
| Personal name | Foard, Patricia. |
| 9 (RLIN) | 3426 |
| 245 ## - TITLE STATEMENT | |
| Title | Student solutions manual |
| Statement of responsibility, etc | Patricia Foard |
| 250 ## - EDITION STATEMENT | |
| Edition statement | 2nd ed. |
| 260 ## - PUBLICATION, DISTRIBUTION, ETC. (IMPRINT) | |
| Place of publication, distribution, etc | New Jersey/ Upper Saddle River: |
| Name of publisher, distributor, etc | Pearson / Printice Hall, |
| Date of publication, distribution, etc | 2004. |
| 300 ## - PHYSICAL DESCRIPTION | |
| Extent | 910 P.: |
| Other physical details | ill.; |
| Dimensions | 26cm |
| 650 ## - SUBJECT ADDED ENTRY--TOPICAL TERM | |
| Source of heading or term | Algebra |
| Topical term or geographic name as entry element | Trigonometry- textbooks. |
| 9 (RLIN) | 19273 |
| 658 ## - INDEX TERM--CURRICULUM OBJECTIVE | |
| Main curriculum objective | Mathematics |
| 942 ## - ADDED ENTRY ELEMENTS (KOHA) | |
| Source of classification or shelving scheme | Dewey Decimal Classification |
| Item type | Books |
| Withdrawn status | Lost status | Source of classification or shelving scheme | Damaged status | Not for loan | Home library | Current library | Shelving location | Date acquired | Source of acquisition | Inventory number | Total Checkouts | Full call number | Barcode | Date last seen | Copy number | Price effective from | Koha item type | Public note |
|---|---|---|---|---|---|---|---|---|---|---|---|---|---|---|---|---|---|---|
| Dewey Decimal Classification | Main Library | Main Library | Open Shelves | 22/07/2025 | Donation | 19371 | 512.9 FOA | bsu25071370 | 22/07/2025 | 001 | 22/07/2025 | Books | Material available in hard copy |